{"text_format":"3","workbook":"xlsx","n_sheets":1,"sheets":["t143"],"read":"whole","date_system":"1900"}

{"sheet":"t143","index":0,"n_rows":188,"n_cols":7,"rows_kept":188,"merged":[[0,0,0,6],[30,0,30,5],[46,0,46,5],[153,0,153,5]]}
["TABELA 143.1 - Estatísticas Agrícolas, Município de Cosmópolis, Estado de São Paulo, 2007/08."]
["ITEM","UNIDADE","N.DE UPAs","MÍNIMO","MÉDIO","MÁXIMO","TOTAL"]
["Distância à sede do município","km",230,{"v":1,"d":"1.0"},6.8,{"v":16,"d":"16.0"},"-"]
["Área total","hectare",230,1.2,{"v":54.44,"d":"54.4"},{"v":8100.2,"d":"8,100.2"},{"v":12520.3,"d":"12,520.3"}]
["Área com cultura perene","hectare",114,0.5,8.9,{"v":110,"d":"110.0"},{"v":1014.7,"d":"1,014.7"}]
["Área com cultura temporária","hectare",127,0.5,{"v":59.39,"d":"59.4"},{"v":5358.7,"d":"5,358.7"},{"v":7542.9,"d":"7,542.9"}]
["Área com pastagem","hectare",107,0.1,{"v":6.34,"d":"6.3"},177.1,678.6]
["Área com reflorestamento","hectare",24,0.1,{"v":1.56,"d":"1.6"},10.7,37.4]
["Área com vegetação natural","hectare",110,0.1,{"v":16.16,"d":"16.2"},{"v":1648.4,"d":"1,648.4"},{"v":1777.2,"d":"1,777.2"}]
["Área com vegetação de brejo e várzea","hectare",10,0.1,{"v":1.08,"d":"1.1"},{"v":5,"d":"5.0"},10.8]
["Área em descanso","hectare",34,0.4,{"v":6.34,"d":"6.3"},37.7,215.5]
["Área complementar","hectare",162,0.1,{"v":7.67,"d":"7.7"},{"v":1093.1,"d":"1,093.1"},{"v":1243.2,"d":"1,243.2"}]
["Área das UPAs com (0, 1] ha","hectare","-","-","-","-","-"]
["Área das UPAs com (1, 2] ha","hectare",8,1.2,{"v":1.81,"d":"1.8"},{"v":2,"d":"2.0"},14.5]
["Área das UPAs com (2, 5] ha","hectare",46,2.1,{"v":3.54,"d":"3.5"},{"v":5,"d":"5.0"},{"v":163,"d":"163.0"}]
["Área das UPAs com (5, 10] ha","hectare",58,5.1,7.4,9.9,429.3]
["Área das UPAs com (10, 20] ha","hectare",71,10.1,{"v":13.72,"d":"13.7"},19.4,973.9]
["Área das UPAs com (20, 50] ha","hectare",30,20.4,{"v":28.88,"d":"28.9"},{"v":48,"d":"48.0"},866.4]
["Área das UPAs com (50, 100] ha","hectare",11,{"v":51,"d":"51.0"},{"v":69.24,"d":"69.2"},91.4,761.6]
["Área das UPAs com (100, 200] ha","hectare",2,129.3,{"v":134.25,"d":"134.3"},139.2,268.5]
["Área das UPAs com (200, 500] ha","hectare",3,297.6,314.3,342.3,942.9]
["Área das UPAs com (500, 1.000] ha","hectare","-","-","-","-","-"]
["Área das UPAs com (1.000, 2.000] ha","hectare","-","-","-","-","-"]
["Área das UPAs com (2.000, 5.000] ha","hectare","-","-","-","-","-"]
["Área das UPAs com (5.000, 10.000] ha","hectare",1,{"v":8100.2,"d":"8,100.2"},{"v":8100.2,"d":"8,100.2"},{"v":8100.2,"d":"8,100.2"},{"v":8100.2,"d":"8,100.2"}]
["Área das UPAs acima de 10.000 ha","hectare","-","-","-","-","-"]
["Familiares do proprietário que trabalham na UPA","unidade",159,{"v":1,"d":"1.0"},{"v":2,"d":"2.0"},{"v":9,"d":"9.0"},{"v":318,"d":"318.0"}]
["Trabalhadores permanentes","unidade",47,{"v":1,"d":"1.0"},{"v":10.87,"d":"10.9"},{"v":360,"d":"360.0"},{"v":511,"d":"511.0"}]
["Fonte: Secretaria de Agricultura e Abastecimento, CDRS/IEA, Projeto LUPA."]
[]
["TABELA 143.2 - Explorações Animais, Município de Cosmópolis, Estado de São Paulo, 2007/08."]
["ITEM","UNIDADE","N.DE UPAs","MÍNIMO","MÉDIO","MÁXIMO","TOTAL"]
["Asininos E Muares","cabeças",7,{"v":1,"d":"1.0"},{"v":1.71,"d":"1.7"},{"v":3,"d":"3.0"},{"v":12,"d":"12.0"}]
["Avicultura de Corte","cabeças/ano",1,{"v":38000,"d":"38,000.0"},{"v":38000,"d":"38,000.0"},{"v":38000,"d":"38,000.0"},{"v":38000,"d":"38,000.0"}]
["Avicultura Ornamental/Decorativa/Exótica","cabeças",1,{"v":35,"d":"35.0"},{"v":35,"d":"35.0"},{"v":35,"d":"35.0"},{"v":35,"d":"35.0"}]
["Avicultura para Ovos","cabeças",7,{"v":30,"d":"30.0"},{"v":78.57,"d":"78.6"},{"v":150,"d":"150.0"},{"v":550,"d":"550.0"}]
["Bovinocultura de Corte","cabeças",8,{"v":2,"d":"2.0"},{"v":98.63,"d":"98.6"},{"v":390,"d":"390.0"},{"v":789,"d":"789.0"}]
["Bovinocultura Leiteira","cabeças",16,{"v":1,"d":"1.0"},{"v":8.25,"d":"8.3"},{"v":34,"d":"34.0"},{"v":132,"d":"132.0"}]
["Bovinocultura Mista","cabeças",50,{"v":1,"d":"1.0"},{"v":9.24,"d":"9.2"},{"v":30,"d":"30.0"},{"v":462,"d":"462.0"}]
["Caprinocultura","cabeças",1,{"v":10,"d":"10.0"},{"v":10,"d":"10.0"},{"v":10,"d":"10.0"},{"v":10,"d":"10.0"}]
["Equinocultura","cabeças",20,{"v":1,"d":"1.0"},{"v":2.45,"d":"2.5"},{"v":10,"d":"10.0"},{"v":49,"d":"49.0"}]
["Ovinocultura","cabeças",3,{"v":7,"d":"7.0"},{"v":10.33,"d":"10.3"},{"v":15,"d":"15.0"},{"v":31,"d":"31.0"}]
["Piscicultura","m² tanques",2,{"v":14000,"d":"14,000.0"},{"v":17500,"d":"17,500.0"},{"v":21000,"d":"21,000.0"},{"v":35000,"d":"35,000.0"}]
["Suinocultura","cabeças",12,{"v":2,"d":"2.0"},{"v":16.42,"d":"16.4"},{"v":100,"d":"100.0"},{"v":197,"d":"197.0"}]
["Fonte: Secretaria de Agricultura e Abastecimento, CDRS/IEA, Projeto LUPA."]
[]
["TABELA 143.3 -  Máquinas, Implementos e Benfeitorias, Município de Cosmópolis, Estado de São Paulo, 2007/08."]
["ITEM","UNIDADE","N.DE UPAs","MÍNIMO","MÉDIO","MÁXIMO","TOTAL"]
["Arado Comum (Bacia, Aiveca)","Unidade",67,{"v":1,"d":"1.0"},{"v":1.24,"d":"1.2"},{"v":5,"d":"5.0"},{"v":83,"d":"83.0"}]
["Arado Escarificador","Unidade",7,{"v":1,"d":"1.0"},{"v":1,"d":"1.0"},{"v":1,"d":"1.0"},{"v":7,"d":"7.0"}]
["Arado Subsolador","Unidade",19,{"v":1,"d":"1.0"},{"v":1.11,"d":"1.1"},{"v":3,"d":"3.0"},{"v":21,"d":"21.0"}]
["Batedeira de Cereais","Unidade",10,{"v":1,"d":"1.0"},1.1,{"v":2,"d":"2.0"},{"v":11,"d":"11.0"}]
["Câmara Fria","Unidade",2,{"v":2,"d":"2.0"},{"v":3,"d":"3.0"},{"v":4,"d":"4.0"},{"v":6,"d":"6.0"}]
["Carregadeira de Cana","Unidade",3,{"v":1,"d":"1.0"},{"v":4.33,"d":"4.3"},{"v":11,"d":"11.0"},{"v":13,"d":"13.0"}]
["Colhedeira Acoplada","Unidade",1,{"v":6,"d":"6.0"},{"v":6,"d":"6.0"},{"v":6,"d":"6.0"},{"v":6,"d":"6.0"}]
["Colhedeira Automotriz","Unidade",1,{"v":6,"d":"6.0"},{"v":6,"d":"6.0"},{"v":6,"d":"6.0"},{"v":6,"d":"6.0"}]
["Computador","Unidade",7,{"v":1,"d":"1.0"},{"v":1,"d":"1.0"},{"v":1,"d":"1.0"},{"v":7,"d":"7.0"}]
["Conj.Irrigação Convencional","Unidade",17,{"v":1,"d":"1.0"},{"v":2.12,"d":"2.1"},{"v":17,"d":"17.0"},{"v":36,"d":"36.0"}]
["Conj.Irrigação Pivot Central","Unidade",2,{"v":1,"d":"1.0"},1.5,{"v":2,"d":"2.0"},{"v":3,"d":"3.0"}]
["Conj.Irrigação/Gotejamento/Microaspersão","Unidade",6,{"v":1,"d":"1.0"},{"v":1,"d":"1.0"},{"v":1,"d":"1.0"},{"v":6,"d":"6.0"}]
["Conjunto de Fenação","Unidade",1,{"v":1,"d":"1.0"},{"v":1,"d":"1.0"},{"v":1,"d":"1.0"},{"v":1,"d":"1.0"}]
["Desintegrador, Picador, Triturador","Unidade",40,{"v":1,"d":"1.0"},{"v":1.18,"d":"1.2"},{"v":4,"d":"4.0"},{"v":47,"d":"47.0"}]
["Distribuidor de Calcário","Unidade",32,{"v":1,"d":"1.0"},{"v":1.22,"d":"1.2"},{"v":3,"d":"3.0"},{"v":39,"d":"39.0"}]
["Ensiladeira","Unidade",5,{"v":1,"d":"1.0"},{"v":1,"d":"1.0"},{"v":1,"d":"1.0"},{"v":5,"d":"5.0"}]
["Grade Aradora (Tipo Romi)","Unidade",26,{"v":1,"d":"1.0"},{"v":1.08,"d":"1.1"},{"v":2,"d":"2.0"},{"v":28,"d":"28.0"}]
["Grade Niveladora","Unidade",59,{"v":1,"d":"1.0"},{"v":1.32,"d":"1.3"},{"v":4,"d":"4.0"},{"v":78,"d":"78.0"}]
["Implementos para Tração Animal","Unidade",2,{"v":1,"d":"1.0"},{"v":2,"d":"2.0"},{"v":3,"d":"3.0"},{"v":4,"d":"4.0"}]
["Máquina de Classificar Frutas","Unidade",1,{"v":1,"d":"1.0"},{"v":1,"d":"1.0"},{"v":1,"d":"1.0"},{"v":1,"d":"1.0"}]
["Microtrator","Unidade",6,{"v":1,"d":"1.0"},{"v":1,"d":"1.0"},{"v":1,"d":"1.0"},{"v":6,"d":"6.0"}]
["Misturador de Ração","Unidade",3,{"v":1,"d":"1.0"},{"v":1,"d":"1.0"},{"v":1,"d":"1.0"},{"v":3,"d":"3.0"}]
["Ordenhadeira Mecânica","Unidade",3,{"v":1,"d":"1.0"},{"v":1,"d":"1.0"},{"v":1,"d":"1.0"},{"v":3,"d":"3.0"}]
["Pulverizador Tratorizado","Unidade",80,{"v":1,"d":"1.0"},{"v":1.39,"d":"1.4"},{"v":4,"d":"4.0"},{"v":111,"d":"111.0"}]
["Roçadeira Tratorizada","Unidade",25,{"v":1,"d":"1.0"},{"v":1.04,"d":"1.0"},{"v":2,"d":"2.0"},{"v":26,"d":"26.0"}]
["Semeadeira/Adubadeira para Plantio Convencional","Unidade",39,{"v":1,"d":"1.0"},{"v":1.18,"d":"1.2"},{"v":4,"d":"4.0"},{"v":46,"d":"46.0"}]
["Semeadeira/Plantadeira Plantio Direto","Unidade",7,{"v":1,"d":"1.0"},{"v":1,"d":"1.0"},{"v":1,"d":"1.0"},{"v":7,"d":"7.0"}]
["Terraceador","Unidade",1,{"v":1,"d":"1.0"},{"v":1,"d":"1.0"},{"v":1,"d":"1.0"},{"v":1,"d":"1.0"}]
["Trator de Esteiras","Unidade",1,{"v":4,"d":"4.0"},{"v":4,"d":"4.0"},{"v":4,"d":"4.0"},{"v":4,"d":"4.0"}]
["Trator de Pneus","Unidade",106,{"v":1,"d":"1.0"},{"v":2.38,"d":"2.4"},{"v":60,"d":"60.0"},{"v":252,"d":"252.0"}]
["Açude/Represa","Unidade",55,{"v":1,"d":"1.0"},{"v":1.64,"d":"1.6"},{"v":9,"d":"9.0"},{"v":90,"d":"90.0"}]
["Alambique","Unidade",1,{"v":1,"d":"1.0"},{"v":1,"d":"1.0"},{"v":1,"d":"1.0"},{"v":1,"d":"1.0"}]
["Almoxarifado/Oficina","Unidade",16,{"v":1,"d":"1.0"},{"v":1,"d":"1.0"},{"v":1,"d":"1.0"},{"v":16,"d":"16.0"}]
["Armazém para Grãos Ensacados","Sacas",2,{"v":1,"d":"1.0"},1.5,{"v":2,"d":"2.0"},{"v":3,"d":"3.0"}]
["Balança para Bovinos","Unidade",1,{"v":1,"d":"1.0"},{"v":1,"d":"1.0"},{"v":1,"d":"1.0"},{"v":1,"d":"1.0"}]
["Balança para Veículos","Unidade",6,{"v":1,"d":"1.0"},1.5,{"v":4,"d":"4.0"},{"v":9,"d":"9.0"}]
["Barracão para Granja/Avicultura","Unidade",5,{"v":1,"d":"1.0"},1.6,{"v":3,"d":"3.0"},{"v":8,"d":"8.0"}]
["Barracão/Galpão/Garagem","Unidade",108,{"v":1,"d":"1.0"},1.2,{"v":3,"d":"3.0"},{"v":130,"d":"130.0"}]
["Casa de Moradia Habitada","Unidade",140,{"v":1,"d":"1.0"},{"v":1.73,"d":"1.7"},{"v":10,"d":"10.0"},{"v":242,"d":"242.0"}]
["Casa de Moradia Total","Unidade",151,{"v":1,"d":"1.0"},{"v":1.91,"d":"1.9"},{"v":10,"d":"10.0"},{"v":288,"d":"288.0"}]
["Curral/Mangueira","Unidade",45,{"v":1,"d":"1.0"},{"v":1.02,"d":"1.0"},{"v":2,"d":"2.0"},{"v":46,"d":"46.0"}]
["Depósito/Tulha","Unidade",84,{"v":1,"d":"1.0"},{"v":1.14,"d":"1.1"},{"v":3,"d":"3.0"},{"v":96,"d":"96.0"}]
["Engenho","Unidade",1,{"v":1,"d":"1.0"},{"v":1,"d":"1.0"},{"v":1,"d":"1.0"},{"v":1,"d":"1.0"}]
["Estábulo","Unidade",3,{"v":1,"d":"1.0"},{"v":1,"d":"1.0"},{"v":1,"d":"1.0"},{"v":3,"d":"3.0"}]
["Estufa/Plasticultura","m²",4,{"v":1,"d":"1.0"},{"v":1.25,"d":"1.3"},{"v":2,"d":"2.0"},{"v":5,"d":"5.0"}]
["Fábrica de Ração","Unidade",1,{"v":1,"d":"1.0"},{"v":1,"d":"1.0"},{"v":1,"d":"1.0"},{"v":1,"d":"1.0"}]
["Instalações para Equinos","Unidade",1,{"v":1,"d":"1.0"},{"v":1,"d":"1.0"},{"v":1,"d":"1.0"},{"v":1,"d":"1.0"}]
["Pocilga","Unidade",21,{"v":1,"d":"1.0"},{"v":1.19,"d":"1.2"},{"v":4,"d":"4.0"},{"v":25,"d":"25.0"}]
["Poço Semi-Artesiano","Unidade",1,{"v":1,"d":"1.0"},{"v":1,"d":"1.0"},{"v":1,"d":"1.0"},{"v":1,"d":"1.0"}]
["Secador de Grãos","Unidade",1,{"v":1,"d":"1.0"},{"v":1,"d":"1.0"},{"v":1,"d":"1.0"},{"v":1,"d":"1.0"}]
["Silo para Grãos","t",1,{"v":40,"d":"40.0"},{"v":40,"d":"40.0"},{"v":40,"d":"40.0"},{"v":40,"d":"40.0"}]
["Silo para Silagem","t",1,{"v":2,"d":"2.0"},{"v":2,"d":"2.0"},{"v":2,"d":"2.0"},{"v":2,"d":"2.0"}]
["Terreiro","m²",4,{"v":1,"d":"1.0"},{"v":75.25,"d":"75.3"},{"v":200,"d":"200.0"},{"v":301,"d":"301.0"}]
["Usina de Açúcar/destilaria","Unidade",1,{"v":1,"d":"1.0"},{"v":1,"d":"1.0"},{"v":1,"d":"1.0"},{"v":1,"d":"1.0"}]
["Fonte: Secretaria de Agricultura e Abastecimento, CDRS/IEA, Projeto LUPA."]
[]
["TABELA 143.4 - Outras Estatísticas Agrícolas, Município de Cosmópolis, Estado de São Paulo, 2007/08."]
["ITEM","Número de UPAs",null,"Percentual"]
["Faz Parte de Associação de Produtores",50,null,{"v":21.73913043478261,"d":"21.7"}]
["Faz Parte de Cooperativa de Produtores",110,null,{"v":47.826086956521735,"d":"47.8"}]
["Faz Parte do Sindicato de Produtores",25,null,{"v":10.869565217391305,"d":"10.9"}]
["Não utiliza assistência técnica ",178,null,{"v":77.3913043478261,"d":"77.4"}]
["Utiliza somente assistência técnica governamental ",8,null,{"v":3.4782608695652173,"d":"3.5"}]
["Utiliza somente assistência técnica privada ",43,null,{"v":18.695652173913043,"d":"18.7"}]
["Utiliza assistência técnica tanto governamental quanto privada",1,null,{"v":0.4347826086956522,"d":"0.4"}]
["Utiliza Crédito Rural",48,null,{"v":20.869565217391305,"d":"20.9"}]
["Utiliza Seguro Rural",30,null,{"v":13.043478260869565,"d":"13.0"}]
["Utiliza Escrituração Agrícola",23,null,{"v":10,"d":"10.0"}]
["Acessa Internet p/ Fins na Agropecuária",16,null,{"v":6.9565217391304355,"d":"7.0"}]
["Utiliza Computador nas Atividades Agropecuárias",23,null,{"v":10,"d":"10.0"}]
["Utiliza Energia Elétrica Para Uso na Atividade Agrícola",155,null,{"v":67.39130434782608,"d":"67.4"}]
["Realiza Análise de Solo, quando necessário",72,null,{"v":31.304347826086957,"d":"31.3"}]
["Utiliza Práticas de Conservação de Solo, quando necessário",153,null,{"v":66.52173913043478,"d":"66.5"}]
["Faz Adubação Mineral, quando necessário",181,null,{"v":78.69565217391305,"d":"78.7"}]
["Faz Adubação Orgânica, quando necessário",47,null,{"v":20.434782608695652,"d":"20.4"}]
["Faz Adubação Verde, quando necessário",14,null,{"v":6.086956521739131,"d":"6.1"}]
["Utiliza Manejo Integrado de Pragas (MIP)",35,null,{"v":15.217391304347826,"d":"15.2"}]
["Utiliza Hidroponia","-",null,"-"]
["Utiliza Plasticultura",8,null,{"v":3.4782608695652177,"d":"3.5"}]
["Utiliza Mudas Fiscalizadas",100,null,{"v":43.47826086956522,"d":"43.5"}]
["Utiliza Semente Melhorada",56,null,{"v":24.34782608695652,"d":"24.3"}]
["Faz Confinamento de Bovinos",6,null,{"v":2.608695652173913,"d":"2.6"}]
["Utiliza Pastejo Intensivo",18,null,{"v":7.826086956521739,"d":"7.8"}]
["Faz Inseminação Artificial",3,null,{"v":1.3043478260869565,"d":"1.3"}]
["Faz Mineralização do Rebanho",41,null,{"v":17.82608695652174,"d":"17.8"}]
["Faz Vermifugação do Rebanho",42,null,{"v":18.26086956521739,"d":"18.3"}]
["Possui Parceiros /Arrendatários na Exploração Animal",11,null,{"v":4.782608695652174,"d":"4.8"}]
["Esporte e lazer",1,null,{"v":0.4347826086956522,"d":"0.4"}]
["Extração mineral","-",null,"-"]
["Hotel Fazenda, Pousada ou SPA","-",null,"-"]
["Pesque-pague",2,null,{"v":0.8695652173913044,"d":"0.9"}]
["Restaurante ou Lanchonete",3,null,{"v":1.3043478260869565,"d":"1.3"}]
["Transformação artesanal",2,null,{"v":0.8695652173913044,"d":"0.9"}]
["Turismo rural ou ecoturismo","-",null,"-"]
["Outras atividades econômicas rurais",3,null,{"v":1.3043478260869565,"d":"1.3"}]
["Agroindústria",1,null,{"v":0.4347826086956522,"d":"0.4"}]
["Proprietário sem instrução ou com instrução incompleta",48,null,{"v":20.869565217391305,"d":"20.9"}]
["Proprietário com antigo primário completo",108,null,{"v":46.95652173913044,"d":"47.0"}]
["Proprietário com 1° grau (ou antigo ginasial) completo",34,null,{"v":14.782608695652174,"d":"14.8"}]
["Proprietário com 2° grau (ou antigo colegial) completo",21,null,{"v":9.130434782608695,"d":"9.1"}]
["Proprietário com curso superior completo ",15,null,{"v":6.521739130434783,"d":"6.5"}]
["Pessoa Jurídica",4,null,{"v":1.7391304347826086,"d":"1.7"}]
["Proprietário residente na própria UPA ",77,null,{"v":33.47826086956522,"d":"33.5"}]
["Fonte: Secretaria de Agricultura e Abastecimento, CDRS/IEA, Projeto LUPA."]
[]
["TABELA 143.5 - Área Cultivada, Município de Cosmópolis, Estado de São Paulo, 2007/08."]
["CULTURA","N.DE UPAs","MÍNIMO","MÉDIO","MÁXIMO","TOTAL"]
["Cana-de-acucar",62,{"v":2,"d":"2.0"},{"v":112.63,"d":"112.6"},{"v":5358.7,"d":"5,358.7"},{"v":6983.3,"d":"6,983.3"}]
["Laranja",101,0.5,{"v":8.75,"d":"8.8"},{"v":110,"d":"110.0"},883.4]
["Braquiaria",70,0.1,{"v":8.14,"d":"8.1"},177.1,{"v":570,"d":"570.0"}]
["Milho",56,0.5,{"v":7.39,"d":"7.4"},{"v":64,"d":"64.0"},414.1]
["Mandioca",28,0.5,{"v":3.31,"d":"3.3"},{"v":20,"d":"20.0"},92.6]
["Limao",7,0.5,{"v":11.11,"d":"11.1"},61.4,77.8]
["Gramas",35,0.1,1.6,6.7,55.9]
["Coloniao",2,10.1,{"v":25.35,"d":"25.4"},40.6,50.7]
["Eucalipto",24,0.1,{"v":1.56,"d":"1.6"},10.7,37.4]
["Banana",1,19.3,19.3,19.3,19.3]
["Alface",5,0.1,{"v":3.46,"d":"3.5"},10.2,17.3]
["Abacate",5,{"v":1,"d":"1.0"},{"v":3.22,"d":"3.2"},7.2,16.1]
["Quiabo",5,0.5,2.2,{"v":4,"d":"4.0"},{"v":11,"d":"11.0"}]
["Goiaba",4,0.5,{"v":2.43,"d":"2.4"},6.2,9.7]
["Abobora (ou jerimum)",5,0.1,{"v":1.48,"d":"1.5"},3.8,7.4]
["Crotalaria",1,{"v":7,"d":"7.0"},{"v":7,"d":"7.0"},{"v":7,"d":"7.0"},{"v":7,"d":"7.0"}]
["Painco",1,2.7,2.7,2.7,2.7]
["Cafe",1,2.4,2.4,2.4,2.4]
["Capim-napier (ou capim-elefante)",1,{"v":2,"d":"2.0"},{"v":2,"d":"2.0"},{"v":2,"d":"2.0"},{"v":2,"d":"2.0"}]
["Carambola",1,{"v":2,"d":"2.0"},{"v":2,"d":"2.0"},{"v":2,"d":"2.0"},{"v":2,"d":"2.0"}]
["Jilo",2,0.5,{"v":0.75,"d":"0.8"},{"v":1,"d":"1.0"},1.5]
["Berinjela",2,0.5,{"v":0.75,"d":"0.8"},{"v":1,"d":"1.0"},1.5]
["Manga",1,1.5,1.5,1.5,1.5]
["Outras olericolas",1,1.5,1.5,1.5,1.5]
["Nespera (ou ameixa-amarela)",1,1.5,1.5,1.5,1.5]
["Arroz",1,1.2,1.2,1.2,1.2]
["Cara (ou acara)",1,{"v":1,"d":"1.0"},{"v":1,"d":"1.0"},{"v":1,"d":"1.0"},{"v":1,"d":"1.0"}]
["Caqui",1,{"v":1,"d":"1.0"},{"v":1,"d":"1.0"},{"v":1,"d":"1.0"},{"v":1,"d":"1.0"}]
["Pimentao",1,0.5,0.5,0.5,0.5]
["Chicoria (ou chicoria-de-folha-crespa)",1,0.1,0.1,0.1,0.1]
["Tomate envarado",1,0.1,0.1,0.1,0.1]
["Cebola",1,0.1,0.1,0.1,0.1]
["Fonte: Secretaria de Agricultura e Abastecimento, CDRS/IEA, Projeto LUPA."]